000 00540nam a22001817a 4500
999 _c18310
_d18310
003 AR-CdUCM
008 190513b ||||| |||| 00| 0 spa d
040 _aMUNICIPALIDAD PROVINCIAL DEL CUSCO
_cBIBLIOTECA MUNICIPAL DEL CUSCO
082 _a869.54 /
_bV28
245 _aPalabra e Imagen /
260 _aBarcelona :
_bFrancisco Casamajo,
300 _a9 al 105 paginas ;
_c22 cm.
500 _aFalta paginas del 1 al 8
650 _aBiografĂ­a
_922
700 _aCarlos Barral
_938826
942 _2ddc
_cLIBROS
945 _arjall
_d2019-05-13